[Event "Druzynowe Mistrzostwa Polski Juniorow 2018 - II Liga"]
[Site "Szczyrk"]
[Date "1899-12-30"]
[Round "2.15"]
[White "Karwacki, Piotr"]
[Black "Klimkowski, Jan"]
[Result "1/2-1/2"]
[WhiteTitle "I"]
[BlackTitle "I"]
[WhiteElo "1828"]
[BlackElo "1898"]

1. e4 c5 2. Ne2 d6 3. g3 g6 4. Bg2 Bg7 5. c3 Nf6 6. d4 Na6 7. O-O O-O 8. Bf4 Nd7
9. Qd2 e5 10. dxe5 dxe5 11. Bh6 Nb6 12. Bxg7 Qxd2 13. Nxd2 Kxg7 14. Rad1 Be6 15.
b3 Rfd8 16. f4 Bg4 17. Bf3 Bh3 18. Bg2 Bxg2 19. Kxg2 Rd3 20. Nc4 Rad8 21. Rxd3
Rxd3 22. Nxb6 axb6 23. fxe5 Rd2 24. Kf3 Rxa2 25. Rd1 Nb8 26. e6 Nc6 27. e7 Nxe7
28. Rd7 Nc6 29. Rxb7 Ne5+ 30. Kf4 Nc4 31. bxc4 Rxe2 32. e5 1/2-1/2

[Event "Druzynowe Mistrzostwa Polski Juniorow 2018 - II Liga"]
[Site "Szczyrk"]
[Date "1899-12-30"]
[Round "2.16"]
[White "Radoch, Filip"]
[Black "Wierzbicki, Dawid"]
[Result "0-1"]
[WhiteTitle "II"]
[BlackTitle "I"]
[WhiteElo "1128"]
[BlackElo "1487"]

1. c4 e5 2. Nf3 Nc6 3. g3 g6 4. Bg2 Bg7 5. O-O d6 6. Nc3 Be6 7. d3 h6 8. a3 Qd7
9. Rb1 Bh3 10. b4 h5 11. b5 Nd8 12. Be3 h4 13. Nxh4 Rxh4 14. Bxh3 Rxh3 15. f3
Ne7 16. Ne4 Ne6 17. Qc1 f5 18. Ng5 Nxg5 19. Bxg5 Kf7 20. c5 Bf6 21. Bxf6 Kxf6
22. Qc4 Rah8 23. Rf2 Nc8 24. d4 Qh7 25. dxe5+ dxe5 26. Rb2 Rxh2 27. Rxh2 Qxh2+
28. Kf1 Qxg3 29. e4 Rh1+ 30. Ke2 Rh2+ 31. Ke3 f4+ 32. Kd3 Qxf3# 0-1

[Event "Druzynowe Mistrzostwa Polski Juniorow 2018 - II Liga"]
[Site "Szczyrk"]
[Date "1899-12-30"]
[Round "2.17"]
[White "Cebula, Alicja"]
[Black "Waligora, Julia"]
[Result "0-1"]
[WhiteTitle "I"]
[BlackTitle "I"]
[WhiteElo "1583"]
[BlackElo "1424"]

1. e4 e6 2. d4 d5 3. e5 c5 4. c3 Nc6 5. Nf3 Qb6 6. a3 Nh6 7. Bxh6 Qxb2 8. Nbd2
gxh6 9. a4 Qxc3 10. Rc1 Qa5 11. dxc5 a6 12. Be2 Bxc5 13. O-O Be7 14. Qc2 Bd7 15.
Bd1 Rc8 16. Qb2 Rb8 17. Rb1 Qc7 18. Be2 O-O 19. Rfc1 Qa5 20. Qb3 Bg5 21. Rc3 d4
22. Rd3 Nxe5 23. Rxd4 Bc6 24. Nxe5 Qxe5 25. Qd3 Rbd8 26. Rbb4 Rxd4 27. Rxd4 Bxd2
28. Qxd2 h5 29. h3 Rc8 30. Qd3 Bd5 31. Qd1 Qg5 32. Bf3 Rc1 33. Rxd5 exd5 34. Qxc1
Qxc1+ 0-1

[Event "Druzynowe Mistrzostwa Polski Juniorow 2018 - II Liga"]
[Site "Szczyrk"]
[Date "1899-12-30"]
[Round "2.18"]
[White "Malek, Sophie"]
[Black "Mroz, Lena"]
[Result "0-1"]
[WhiteTitle "III"]
[BlackTitle "I++"]
[WhiteElo "1000"]
[BlackElo "1566"]

1. e4 g6 2. Nf3 Bg7 3. Bc4 c6 4. O-O d5 5. exd5 cxd5 6. Bb5+ Nc6 7. c3 Bd7 8. Qb3
a6 9. Bd3 Nf6 10. c4 O-O 11. cxd5 Na5 12. Qa3 Nxd5 13. Nc3 Nf6 14. Re1 e6 15.
b4 Nc6 16. Qb3 b5 17. a4 bxa4 18. Qxa4 Ne5 19. Qd1 Nxd3 20. Re2 Nxc1 21. Qxc1
Nd5 22. Na2 Bxa1 23. Qxa1 Qf6 24. Qxf6 Nxf6 25. Ne5 Bb5 26. Re1 Rfd8 27. Nf3 Nd5
28. h4 Bc4 29. Nc3 Nxc3 30. dxc3 Bb5 31. Rc1 Rac8 32. g4 Rd3 33. Ne5 Rdxc3 34.
Rxc3 Rxc3 35. Kg2 Rb3 36. h5 f6 37. Nf3 Bc6 38. hxg6 Bxf3+ 39. Kg3 Bc6+ 40. f3
Rxb4 41. f4 a5 42. gxh7+ Kxh7 43. Kh4 a4 44. Kh5 a3 45. g5 fxg5 46. fxg5 Bf3#
0-1

[Event "Druzynowe Mistrzostwa Polski Juniorow 2018 - II Liga"]
[Site "Szczyrk"]
[Date "1899-12-30"]
[Round "2.19"]
[White "Laszczak, Przemyslaw"]
[Black "Pniaczek, Marek"]
[Result "1/2-1/2"]
[WhiteTitle "k"]
[BlackTitle "CM"]
[WhiteElo "1990"]
[BlackElo "2082"]

1. d4 d5 2. c4 dxc4 3. e4 e5 4. Nf3 exd4 5. Bxc4 Bb4+ 6. Bd2 Bxd2+ 7. Nbxd2 Nc6
8. O-O Qf6 9. b4 a6 10. e5 Qg6 11. Nb3 Bg4 12. h3 Bxh3 13. Nh4 Qg4 14. Qxg4 Bxg4
15. f3 Be6 16. Bxe6 fxe6 17. f4 Nge7 18. Nf3 Nf5 19. Rfc1 Ke7 20. Nc5 Nxb4 21.
Rab1 Nd5 22. Rxb7 Rhb8 23. Rcb1 Rxb7 24. Rxb7 Nxf4 25. g4 Ne3 26. Rxc7+ Kf8 27.
Ng5 Kg8 28. Ncxe6 Nxe6 29. Nxe6 Re8 30. Nxg7 Rxe5 31. Nh5 Nxg4 32. Rg7+ Kh8 33.
Rxg4 Rxh5 34. Rxd4 Ra5 35. a4 Kg7 36. Kg2 Kg6 37. Kg3 Kg5 38. Rg4+ Kf6 39. Rc4
Ke6 40. Kf3 h5 41. Ke3 Kd6 42. Rf4 Kc6 43. Kd3 Kb6 44. Kc3 Rg5 45. Kb3 Ka5 46.
Rf6 Rg3+ 47. Kb2 h4 48. Rh6 Rg4 49. Kb3 Rb4+ 50. Kc3 Rxa4 51. Rh5+ Kb6 52. Kb3
Rg4 53. Rh6+ Kb7 54. Rh7+ Kb8 55. Rh8+ Ka7 56. Rh7+ Kb6 57. Rh6+ Kb7 58. Rh7+
Kc6 59. Rh6+ Kb5 60. Rh5+ Kc6 61. Rh6+ Kd5 62. Rxa6 Ke4 63. Kc3 Kf3 64. Kd3 Rf4
65. Rh6 Rg4 66. Rf6+ Kg3 67. Ke2 h3 68. Rf3+ Kh2 69. Kf2 Rg2+ 70. Kf1 Ra2 71.
Rb3 Ra4 72. Rf3 Rg4 73. Kf2 Rg5 74. Kf1 Rg2 75. Rb3 Ra2 76. Rf3 Ra8 77. Kf2 Rh8
78. Kf1 Kh1 79. Kf2 h2 80. Rb3 Rf8+ 81. Kg3 Rg8+ 82. Kh3 Rh8+ 1/2-1/2

[Event "Druzynowe Mistrzostwa Polski Juniorow 2018 - II Liga"]
[Site "Szczyrk"]
[Date "1899-12-30"]
[Round "2.20"]
[White "Musial, Tomasz"]
[Black "Trybus, Daniel"]
[Result "1-0"]
[WhiteTitle "k"]
[BlackTitle "I+"]
[WhiteElo "2029"]
[BlackElo "1793"]

1. e4 Nf6 2. e5 Nd5 3. d4 d6 4. Nf3 Bg4 5. Be2 e6 6. O-O Be7 7. h3 Bh5 8. c4 Nb6
9. b3 O-O 10. Bb2 d5 11. c5 Bxf3 12. Bxf3 Nc8 13. b4 f6 14. Bg4 f5 15. Be2 Rf7
16. f4 g5 17. g4 gxf4 18. gxf5 Rxf5 19. Bg4 Rg5 20. Kh2 Rg6 21. Bc1 Bg5 22. Bxf4
Qe7 23. Qf3 Nd7 24. Nc3 Bxf4+ 25. Qxf4 a5 26. Nxd5 exd5 27. Bxd7 Nb6 28. Bf5 Nc4
29. Bxg6 hxg6 30. b5 b6 31. c6 Qb4 32. Qf7+ Kh8 33. Qxg6 Qd2+ 34. Kh1 Qe3 35.
Qh5+ Kg7 36. Rf7+ 1-0

[Event "Druzynowe Mistrzostwa Polski Juniorow 2018 - II Liga"]
[Site "Szczyrk"]
[Date "1899-12-30"]
[Round "2.21"]
[White "Syrkiewicz, Michal"]
[Black "Wilk, Igor"]
[Result "1/2-1/2"]
[WhiteTitle "II+"]
[BlackTitle "I"]
[WhiteElo "1799"]
[BlackElo "1560"]

1. e4 e6 2. d4 d5 3. Nc3 Bb4 4. e5 c5 5. a3 Bxc3+ 6. bxc3 Ne7 7. Qg4 O-O 8. Bd3
Nbc6 9. Nf3 Ng6 10. h4 c4 11. Be2 f6 12. h5 Nh8 13. Bf4 fxe5 14. Nxe5 Qf6 15.
Nxc6 bxc6 16. Bg3 Qf5 17. Kd2 Nf7 18. Bf4 Re8 19. Qxf5 exf5 20. Bf3 Nd8 21. Be5
Nf7 22. Rhe1 Nxe5 23. dxe5 Rb8 24. Kc1 Rb7 25. Rb1 Rxb1+ 26. Kxb1 Be6 27. Be2
Rb8+ 28. Ka1 Kf7 29. f4 Ke7 30. Rb1 Rxb1+ 31. Kxb1 h6 32. g3 a5 33. Bf3 Kd7 34.
Kc1 c5 35. Be2 Kc6 36. Bf3 Kb5 37. Kb2 Ka4 38. Bg2 Bf7 39. Bf3 Be6 40. Bg2 Kb5
41. Kc1 Ka4 42. Kb2 Bf7 43. Bf3 Be6 1/2-1/2

[Event "Druzynowe Mistrzostwa Polski Juniorow 2018 - II Liga"]
[Site "Szczyrk"]
[Date "1899-12-30"]
[Round "2.22"]
[White "Bartoszczuk, Adam"]
[Black "Czarnomski, Dominik"]
[Result "0-1"]
[WhiteTitle "II+"]
[BlackTitle "II+"]
[WhiteElo "1249"]
[BlackElo "1454"]

1. e4 d5 2. exd5 Qxd5 3. Nc3 Qd6 4. d4 Nf6 5. h3 a6 6. Nf3 b5 7. a3 Bb7 8. Be2
Nbd7 9. O-O e6 10. Re1 Qb6 11. Bf4 c5 12. d5 Nxd5 13. Nxd5 Bxd5 14. Bxb5 axb5
15. Qxd5 Rd8 16. Rad1 Be7 17. Qd2 O-O 18. Qe2 Nf6 19. Ne5 Nd5 20. Bh2 c4 21. c3
f6 22. Nf3 e5 23. Nd2 Nc7 24. Ne4 Na6 25. Kh1 f5 26. Nd2 Nc5 27. Bxe5 Nd3 28.
Bd4 Bc5 29. Bxc5 Qxc5 30. Kg1 Nxe1 31. Rxe1 Qc6 32. Nf3 Rfe8 33. Qf1 Rxe1 34.
Qxe1 Re8 35. Qd2 Qe4 36. Kf1 Qd3+ 37. Qxd3 cxd3 38. b4 g5 39. g4 fxg4 40. hxg4
h5 41. gxh5 g4 42. Nd2 Re2 43. Nb1 Rb2 44. c4 Rxb1+ 45. Kg2 d2 46. cxb5 Qd1 47.
b6 Qf3+ 48. Kh2 Qh3# 0-1

[Event "Druzynowe Mistrzostwa Polski Juniorow 2018 - II Liga"]
[Site "Szczyrk"]
[Date "1899-12-30"]
[Round "2.23"]
[White "Nowacka, Dorota"]
[Black "Pyzio, Amelia"]
[Result "0-1"]
[WhiteTitle "I"]
[BlackTitle "I++"]
[WhiteElo "1279"]
[BlackElo "1679"]

1. d4 d5 2. Bf4 Nf6 3. e3 e6 4. Nf3 c5 5. c3 Nc6 6. Nbd2 Be7 7. h3 h6 8. Bd3 O-O
9. O-O Re8 10. Ne5 Nxe5 11. dxe5 Nh7 12. Qg4 Bg5 13. Nf3 Bxf4 14. exf4 Nf8 15.
Rfd1 Qb6 16. Rd2 Bd7 17. a4 Rac8 18. Nh4 Rcd8 19. Qe2 a6 20. g4 Qc7 21. g5 hxg5
22. fxg5 Re7 23. Nf3 Bc6 24. Qe3 d4 25. cxd4 Bxf3 26. Qxf3 Rxd4 27. Qe3 Red7 28.
Rc1 Qd8 29. Rcd1 R7d5 30. b3 Ng6 31. Bxg6 Rxd2 32. Rxd2 Rxd2 33. Be4 b6 34. g6
f5 35. exf6 Rd1+ 36. Kg2 Qxf6 37. Qg3 Rd8 38. Qg4 Kf8 39. Qh5 Ke7 40. a5 bxa5
41. Qxc5+ Rd6 42. Qc7+ Rd7 43. Qc5+ Rd6 44. Qc7+ Rd7 45. Qc5+ Kd8 46. Qb6+ Ke7
47. Qc5+ Kd8 48. Qb6+ Rc7 49. Qd6+ Rd7 50. Qb6+ Ke8 51. Bc6 Qxg6+ 52. Kh2 Qd3
53. Bxd7+ Qxd7 54. Qxa6 Qc7+ 55. Kg2 Kd7 56. Qd3+ Kc6 57. Qa6+ Kc5 58. Qc4+ Kb6
59. Qd4+ Ka6 60. Qd3+ Kb7 61. Qb5+ Ka7 62. Qd3 Qc6+ 63. Kh2 Kb7 64. Kg1 Qd5 65.
Qg3 Kb6 66. Qg4 0-1

[Event "Druzynowe Mistrzostwa Polski Juniorow 2018 - II Liga"]
[Site "Szczyrk"]
[Date "1899-12-30"]
[Round "2.24"]
[White "Mucha, Marta"]
[Black "Ziolo, Oliwia"]
[Result "0-1"]
[WhiteTitle "I+"]
[BlackTitle "I"]
[WhiteElo "1432"]
[BlackElo "1130"]

1. d4 e6 2. e3 d5 3. Nf3 Nf6 4. Bd3 c5 5. b3 Nc6 6. Bb2 Bd6 7. Nbd2 O-O 8. Ne5
cxd4 9. exd4 Qc7 10. f4 Nd7 11. Qh5 g6 12. Qh6 Nb4 13. Kd1 Nxd3 14. Nxd3 b6 15.
h4 Ba6 16. g3 Bxd3 17. cxd3 Nf6 18. Rc1 Qd7 19. Qg5 Be7 20. Qe5 Rac8 21. Qe2 Rxc1+
22. Kxc1 Rc8+ 23. Kb1 a5 24. g4 a4 25. h5 axb3 26. Nxb3 Ra8 27. hxg6 fxg6 28.
Re1 Kf7 29. g5 Nh5 30. Rg1 Kg7 31. Qe5+ Kf7 32. Rg2 Bd6 33. Qe2 Nxf4 34. Rf2 Kg7
35. Qe3 Rf8 36. Ba3 Bxa3 37. Rxf4 Rxf4 38. Qxf4 Qf7 39. Qe5+ Kg8 40. Qe2 Qf5 41.
Qd2 Qf1+ 42. Kc2 Bd6 43. Qe3 Qf5 44. Nd2 Bf4 45. Qe2 Bxg5 46. Nf3 Bf6 47. Qg2
h5 48. Qg3 Kh7 49. Ne5 h4 50. Qh2 g5 51. Nd7 Bxd4 52. Qb8 0-1

[Event "Druzynowe Mistrzostwa Polski Juniorow 2018 - II Liga"]
[Site "Szczyrk"]
[Date "1899-12-30"]
[Round "2.25"]
[White "Sloniewski, Michal"]
[Black "Kawaler, Adam"]
[Result "1-0"]
[WhiteTitle "I"]
[BlackTitle "I"]
[WhiteElo "1806"]
[BlackElo "1811"]

1. d4 d5 2. c4 e6 3. cxd5 exd5 4. Nc3 c6 5. Qc2 Na6 6. a3 Nc7 7. Nf3 Ne7 8. Bg5
f6 9. Bf4 Bf5 10. Qb3 Ne6 11. Bg3 Qb6 12. Qxb6 axb6 13. e3 b5 14. Bd6 Kd7 15.
Bb4 Nc8 16. Bxf8 Rxf8 17. Rc1 Nd6 18. Nd2 Rfe8 19. Be2 Nc4 20. Nxc4 bxc4 21. Kd2
b5 22. Bd1 Kd6 23. Bc2 Bxc2 24. Kxc2 Reb8 25. Rhd1 b4 26. axb4 Rxb4 27. Ra1 Rab8
28. Rab1 Rb3 29. Rd2 Nc7 30. Rdd1 Na6 31. Rd2 Nb4+ 32. Kd1 Nd3 33. Na4 R8b4 34.
Nc5 Nxc5 35. dxc5+ Kxc5 36. Kc1 Kd6 37. Rc2 c5 38. Ra1 d4 39. Ra6+ Kd5 40. exd4
cxd4 41. Ra5+ Rb5 42. Ra7 Rb7 43. Ra5+ R3b5 44. Ra8 Rb8 45. Ra7 d3 46. Rd2 R8b7
47. Ra8 Ke6 48. Rc8 Rb4 49. Re8+ Kf7 50. Ra8 Re7 51. Ra2 Rb3 52. Rd1 Kg6 53. Rd2
Kf7 54. Rd1 Reb7 55. Re1 d2+ 56. Kxd2 Rxb2+ 57. Rxb2 Rxb2+ 58. Ke3 Rc2 59. Ra1
g5 60. Ra6 h5 61. Rc6 c3 62. Kf3 Kg6 63. h3 h4 64. g3 Rc1 65. gxh4 gxh4 66. Ke4
1-0

[Event "Druzynowe Mistrzostwa Polski Juniorow 2018 - II Liga"]
[Site "Szczyrk"]
[Date "1899-12-30"]
[Round "2.26"]
[White "Mazurek, Bartosz"]
[Black "Lendzion, Kamil"]
[Result "1-0"]
[WhiteTitle "I"]
[BlackTitle "II+"]
[WhiteElo "1733"]
[BlackElo "1663"]

1. d4 d5 2. c4 e6 3. Nc3 Nf6 4. Bg5 Be7 5. e3 a6 6. cxd5 exd5 7. Bd3 h6 8. Bf4
c6 9. Qc2 O-O 10. Nf3 Re8 11. h3 Nbd7 12. g4 c5 13. O-O-O c4 14. Bf5 Nf8 15. g5
Bxf5 16. Qxf5 hxg5 17. Bxg5 Qd7 18. Qxd7 N8xd7 19. Rdg1 Bd6 20. Nh4 g6 21. Nf5
Bb4 22. Ng3 Bxc3 23. bxc3 Ne4 24. Nxe4 Rxe4 25. h4 Kg7 26. h5 Rh8 27. Bf4 Re6
28. Rg5 f5 29. Rhg1 Rf8 30. Rxg6+ Kf7 31. Rg7+ Ke8 32. h6 Re7 33. h7 Rxg7 34.
Rxg7 Nf6 35. Be5 Nxh7 36. Rxh7 b5 37. Ra7 Rg8 38. Ra8+ Kf7 39. Rxg8 Kxg8 40. Kb2
Kf7 41. Ka3 Ke6 42. Kb4 Kd7 43. Kc5 Ke6 44. Bc7 Kd7 45. Ba5 Ke6 46. Kc6 f4 47.
exf4 Kf5 48. Kxd5 Kxf4 49. Ke6 1-0

[Event "Druzynowe Mistrzostwa Polski Juniorow 2018 - II Liga"]
[Site "Szczyrk"]
[Date "1899-12-30"]
[Round "2.27"]
[White "Zarebska, Lena"]
[Black "Dahche, Abdel-azziz"]
[Result "1-0"]
[WhiteTitle "I++"]
[BlackTitle "II"]
[WhiteElo "1817"]
[BlackElo "1408"]

1. e4 c5 2. Nf3 d6 3. d4 cxd4 4. Nxd4 Nf6 5. Nc3 g6 6. Be3 Bg7 7. f3 O-O 8. Qd2
Nc6 9. O-O-O Nxd4 10. Bxd4 Be6 11. Kb1 Qc7 12. g4 Rfc8 13. h4 Qa5 14. a3 Rab8
15. h5 b5 16. Nd5 Qxd2 17. Nxf6+ Bxf6 18. Rxd2 Bxd4 19. Rxd4 Rc5 20. hxg6 hxg6
21. Rd2 b4 22. Rdh2 Kg7 23. axb4 Rxb4 24. Be2 Ra5 25. f4 f6 26. f5 Bg8 27. Bd3
Rba4 28. Kc1 Ra1+ 29. Kd2 R1a2 30. b3 R5a3 31. Kc3 Ra1 32. Kb4 a5+ 33. Kb5 a4
34. Rxa1 Rxa1 35. bxa4 Bf7 36. a5 Be8+ 37. Kb6 Rb1+ 38. Ka7 Bc6 39. a6 Rb4 40.
fxg6 e5 41. c3 Rb3 42. Bc4 Rxc3 43. Bf7 Bxe4 44. Rh7+ Kf8 45. Rh8+ Kg7 46. Rg8+
Kh6 47. Kb8 d5 48. a7 d4 49. Qa8 Bxa8 50. Kxa8 d3 51. Rh8+ Kg7 52. Rh7+ Kf8 53.
Be6 d2 54. g7+ 1-0

[Event "Druzynowe Mistrzostwa Polski Juniorow 2018 - II Liga"]
[Site "Szczyrk"]
[Date "1899-12-30"]
[Round "2.28"]
[White "Sleczka, Krzysztof"]
[Black "Libura, Julianna"]
[Result "0-1"]
[WhiteTitle "II"]
[BlackTitle "I"]
[WhiteElo "1169"]
[BlackElo "1540"]

1. e4 c5 2. Nf3 a6 3. d4 cxd4 4. Nxd4 Nf6 5. Nc3 e5 6. Nf3 Bb4 7. Bc4 Qc7 8. Bb3
Bxc3+ 9. bxc3 Qxc3+ 10. Bd2 Qc5 11. O-O O-O 12. a3 a5 13. Be3 Qc7 14. Re1 h6 15.
a4 d6 16. Bc1 Bg4 17. Ba3 Rd8 18. Qd3 Na6 19. Ba2 Rac8 20. Rac1 Nc5 21. Qc4 Be6
22. Qe2 Bxa2 23. c4 Bb3 24. Qe3 Bxa4 25. Nh4 Bd7 26. f3 Be6 27. Nf5 Bxf5 28. exf5
Qd7 29. g4 Nh7 30. Bb2 Re8 31. f4 Qe7 32. fxe5 dxe5 33. Ba3 Qc7 34. Red1 e4 35.
Rd5 Nd3 36. Rc2 Qc6 37. h4 Qa4 38. Rc3 Qd1+ 39. Kh2 Qxg4 40. Qg3 Qe2+ 41. Kg1
Nf6 42. Rd6 Nh5 43. Qh3 Qf2+ 44. Kh1 Ng3+ 45. Qxg3 Qxg3 46. Rc2 Rxc4 0-1

[Event "Druzynowe Mistrzostwa Polski Juniorow 2018 - II Liga"]
[Site "Szczyrk"]
[Date "1899-12-30"]
[Round "2.29"]
[White "Przepiora, Anna"]
[Black "Skiba, Aleksandra"]
[Result "1-0"]
[WhiteTitle "I"]
[BlackTitle "I+"]
[WhiteElo "1593"]
[BlackElo "1659"]

1. e4 c5 2. Nf3 Nc6 3. d4 cxd4 4. Nxd4 e5 5. Nb5 d6 6. N1c3 a6 7. Na3 b5 8. Nd5
Nce7 9. c4 Nxd5 10. exd5 bxc4 11. Nxc4 Nf6 12. Be3 Rb8 13. Be2 Be7 14. O-O O-O
15. Rc1 Bb7 16. Nb6 Nd7 17. Nxd7 Qxd7 18. Rc3 f5 19. f4 e4 20. Ra3 Bf6 21. Bd4
Qf7 22. Bxf6 Qxf6 23. Qd2 Rfc8 24. b3 Ra8 25. Bc4 h6 26. Rd1 Rc5 27. Qb4 Qe7 28.
Qxc5 dxc5 29. d6+ Qf7 30. Bxf7+ Kxf7 31. Ra5 Bc6 32. Rxc5 Bd7 33. Re5 Re8 34.
Rxe8 Kxe8 35. Kf2 Be6 36. Rd4 g5 37. fxg5 hxg5 38. Ra4 Bc8 39. g4 f4 40. Rxe4+
Kd7 41. Rc4 a5 42. Rc5 Ba6 43. Rxa5 Bd3 44. Rd5 Be4 45. Rd4 Bc6 46. a4 Kd8 47.
a5 Bd7 48. a6 Bxg4 49. a7 1-0

[Event "Druzynowe Mistrzostwa Polski Juniorow 2018 - II Liga"]
[Site "Szczyrk"]
[Date "1899-12-30"]
[Round "2.30"]
[White "Kulczycka, Zofia"]
[Black "Sloniewska, Alicja"]
[Result "0-1"]
[WhiteTitle "II+"]
[BlackTitle "I"]
[WhiteElo "1181"]
[BlackElo "1409"]

1. e4 c6 2. Nf3 d5 3. Nc3 dxe4 4. Nxe4 Nd7 5. d4 Ngf6 6. Ng3 Nb6 7. Bg5 Bg4 8.
h3 Bxf3 9. gxf3 e6 10. Qd2 Be7 11. O-O-O Qd5 12. Kb1 O-O-O 13. Be2 h6 14. Bxf6
Bxf6 15. c3 e5 16. Ne4 Be7 17. Rhg1 f5 18. Rxg7 fxe4 19. Rxe7 exf3 20. Bf1 exd4
21. Qf4 Qd6 22. Qf7 Rhf8 23. Qg7 Rg8 24. Qf7 Rgf8 25. Qg7 Rg8 26. Qf7 Qg6+ 27.
Bd3 Qxf7 28. Rxf7 dxc3 29. Rxf3 cxb2 30. Kxb2 Rdf8 31. Rxf8+ Rxf8 32. Rf1 Rf3
33. Be2 Rf4 34. Bg4+ Kc7 35. f3 Nc4+ 36. Kc3 Ne3 37. Rh1 b5 38. Kd3 Nd5 39. a3
c5 40. Rc1 c4+ 41. Kd2 Kc6 42. Re1 Rd4+ 43. Kc2 Nf4 44. Re7 a5 45. Rh7 Rd6 46.
Ra7 Kb6 47. Ra8 b4 48. axb4 axb4 49. Rb8+ Kc5 50. Rc8+ Kd4 51. Rf8 b3+ 52. Kb1
Kc3 53. Rxf4 Rd1# 0-1

[Event "Druzynowe Mistrzostwa Polski Juniorow 2018 - II Liga"]
[Site "Szczyrk"]
[Date "1899-12-30"]
[Round "2.31"]
[White "Poziomkowski, Szymon"]
[Black "Kawalko, Adam"]
[Result "0-1"]
[WhiteTitle "I"]
[BlackTitle "I"]
[WhiteElo "1767"]
[BlackElo "1751"]

1. e4 c5 2. Nf3 d6 3. d4 cxd4 4. Qxd4 a6 5. c4 Nc6 6. Qd3 Nf6 7. Nc3 g6 8. h3 Bg7
9. Be3 O-O 10. Be2 Nd7 11. Rc1 Nc5 12. Qb1 f5 13. O-O f4 14. Bd2 Ne5 15. Nd5 Ne6
16. Nxe5 Bxe5 17. Qd3 Nd4 18. Bf3 Nxf3+ 19. Qxf3 Bxb2 20. Rb1 Bd4 21. Qd3 Be5
22. f3 Rb8 23. a4 Be6 24. Rfc1 Qd7 25. a5 Bxd5 26. Qxd5+ e6 27. Qd3 Rfc8 28. Rb6
Rc6 29. Rcb1 Rxb6 30. Rxb6 Rc8 31. Qb3 Bd4+ 32. Kf1 Bxb6 33. axb6 Qc6 34. Bxf4
Qxc4+ 35. Qxc4 Rxc4 36. Bxd6 Rc6 37. e5 Rxb6 38. Kf2 Rc6 39. Ke3 a5 40. g4 b5
41. f4 Kf7 42. Ke4 Rc4+ 43. Ke3 b4 44. h4 a4 45. h5 a3 46. f5 a2 47. fxg6+ hxg6
48. h6 Qa1 0-1

[Event "Druzynowe Mistrzostwa Polski Juniorow 2018 - II Liga"]
[Site "Szczyrk"]
[Date "1899-12-30"]
[Round "2.32"]
[White "Dytman, Radoslaw"]
[Black "Fiszer, Bartosz"]
[Result "0-1"]
[WhiteTitle "I"]
[BlackTitle "CM"]
[WhiteElo "1728"]
[BlackElo "2011"]

1. e4 c5 2. Nf3 d6 3. d4 cxd4 4. Nxd4 Nf6 5. Nc3 Nc6 6. Be2 e5 7. Nb3 Be7 8. Be3
O-O 9. O-O Be6 10. f4 exf4 11. Rxf4 d5 12. Rxf6 Bxf6 13. exd5 Bxc3 14. dxc6 Bxb3
15. axb3 Qe7 16. Qd3 Bxb2 17. Ra5 Rad8 18. Bc5 Qc7 19. Qb5 bxc6 20. Qb4 Rfe8 21.
Bd3 Qe5 22. Bf2 Bc3 23. Rxe5 Bxb4 24. Rxe8+ Rxe8 25. Bxa7 g6 26. Bd4 Kf8 27. Kf2
Ke7 28. Kf3 Kd6 29. Bf2 Bc3 30. h3 Be1 31. Be3 f5 32. Bf4+ Kd5 33. Be3 Bc3 34.
Bc4+ Kd6 35. Bf2 Ra8 36. Be3 Ra2 37. Bd3 Ke5 38. Bf4+ Kf6 39. Bc7 Ra7 40. Bd8+
Ke5 41. Bg5 Ra8 42. Bf4+ Kf6 43. Be3 g5 44. g3 h5 45. g4 hxg4+ 46. hxg4 f4 47.
Bb6 Rh8 48. Bf5 Ke5 49. Bc5 Rh3+ 50. Ke2 Bd4 51. Be7 f3+ 52. Kd2 Rh1 53. Bxg5
f2 0-1

[Event "Druzynowe Mistrzostwa Polski Juniorow 2018 - II Liga"]
[Site "Szczyrk"]
[Date "1899-12-30"]
[Round "2.33"]
[White "Cwiek, Ryszard"]
[Black "Topola, Rafal"]
[Result "1/2-1/2"]
[WhiteTitle "I"]
[BlackTitle "I"]
[WhiteElo "1741"]
[BlackElo "1570"]

1. e4 c6 2. c4 d5 3. exd5 cxd5 4. cxd5 Qxd5 5. Nc3 Qd8 6. Bc4 Nf6 7. Nf3 Nc6 8.
d4 e6 9. Be3 Be7 10. O-O O-O 11. Rc1 a6 12. Bb3 Na5 13. Ne5 Nxb3 14. Qxb3 Nd5
15. Nd3 Nf6 16. Rfd1 Rb8 17. Ne5 Nd7 18. Bf4 Nxe5 19. Bxe5 Ra8 20. Na4 b5 21.
Nc5 Qd5 22. Qxd5 exd5 23. f3 Re8 24. Re1 Bg5 25. Bf4 Be7 26. Re3 f6 27. Rce1 Kf7
28. Bd6 Ra7 29. b4 Kf8 30. Kf2 Kf7 31. g4 g5 32. h3 h6 33. a3 Kf8 34. Ne6+ Bxe6
35. Rxe6 Kf7 36. Bc5 Bxc5 37. Rxe8 Bxd4+ 38. Kg2 Bb2 39. R8e3 Rc7 40. R1e2 Be5
41. Rxe5 fxe5 42. Rxe5 Rc2+ 43. Kg3 Rc3 44. Rxd5 Rxa3 45. Rd6 Kg7 46. Rb6 Ra1
47. h4 Ra3 48. h5 Ra2 49. Rb7+ Kg8 50. Ra7 Kh8 51. Rb7 Kg8 52. Ra7 Kh8 53. Ra8+
Kg7 54. Ra7+ Kh8 55. Rb7 Kg8 56. Ra7 Kh8 57. f4 Ra3+ 58. Kf2 gxf4 59. Rf7 Ra4
60. Rxf4 a5 61. Rf8+ Kg7 62. Ra8 Rxb4 63. Rxa5 Rxg4 64. Rxb5 Rg5 1/2-1/2

[Event "Druzynowe Mistrzostwa Polski Juniorow 2018 - II Liga"]
[Site "Szczyrk"]
[Date "1899-12-30"]
[Round "2.34"]
[White "Madajczak, Piotr"]
[Black "Cwiek, Stefan"]
[Result "1-0"]
[WhiteTitle "I"]
[BlackTitle "II"]
[WhiteElo "1630"]
[BlackElo "1238"]

1. e4 e5 2. Nf3 Nc6 3. Bb5 Nge7 4. O-O g6 5. c3 Bg7 6. d4 exd4 7. cxd4 O-O 8. d5
Ne5 9. Nxe5 Bxe5 10. Nc3 d6 11. Be3 f5 12. f3 a6 13. Bd3 c5 14. dxc6 Nxc6 15.
Rc1 Be6 16. exf5 Bxf5 17. Bxf5 Rxf5 18. Qb3+ Rf7 19. Ne4 Bd4 20. Bxd4 Nxd4 21.
Qd3 Qb6 22. Kh1 d5 23. Nc3 Rd8 24. Rfd1 Nf5 25. Nxd5 Qd6 26. Nf4 Qxd3 27. Rxd3
Rxd3 28. Nxd3 Rd7 29. Nc5 Rd2 30. Rb1 Nd6 31. Kg1 Kf7 32. a4 a5 33. b4 b6 34.
Nb3 Rd5 35. bxa5 bxa5 36. Rc1 Kf6 37. Kf2 h5 38. Ke3 Nf5+ 39. Kf2 Nd6 40. Ke2
Re5+ 41. Kd3 Rd5+ 42. Kc3 Kf7 43. Re1 Kf6 44. Nd2 Nf5 45. Nc4 Ne7 46. Rb1 Rd8
47. Nxa5 Rc8+ 48. Nc4 Nd5+ 49. Kd4 Ne7 50. Rb6+ Kg7 51. Ne5 Nf5+ 52. Ke4 Ne7 53.
a5 Rc5 54. Rb7 Kh6 55. Rxe7 Rxa5 56. Re6 Ra4+ 57. Kd3 Ra3+ 58. Ke2 Ra2+ 59. Kf1
Ra1+ 60. Kf2 Ra2+ 61. Kg3 h4+ 62. Kh3 Kg5 63. Nxg6 Kf5 64. Rb6 Ra4 65. Nxh4+ Kg5
66. Rg6+ Kh5 67. g4+ Rxg4 68. fxg4# 1-0

[Event "Druzynowe Mistrzostwa Polski Juniorow 2018 - II Liga"]
[Site "Szczyrk"]
[Date "1899-12-30"]
[Round "2.35"]
[White "Szelejewska, Maria"]
[Black "Krzyzosiak, Anna"]
[Result "0-1"]
[WhiteTitle "I"]
[BlackTitle "I+"]
[WhiteElo "1184"]
[BlackElo "1552"]

1. e4 c5 2. Nf3 d6 3. d4 cxd4 4. Nxd4 Nf6 5. Nc3 a6 6. Be3 e5 7. Nb3 Be6 8. Be2
Be7 9. O-O O-O 10. f4 exf4 11. Rxf4 Nc6 12. Nd5 Bxd5 13. exd5 Ne5 14. Qd2 Rc8
15. c3 Qd7 16. h3 Ng6 17. Rf3 Ne5 18. Rf4 Ng6 19. Rf3 Ne5 20. Rf4 Ng6 21. Rff1
Ne4 22. Qc2 Ng3 23. Rf2 Nxe2+ 24. Rxe2 Bf6 25. Rae1 Rfe8 26. Nd4 Bxd4 27. Bxd4
Nf4 28. Rxe8+ Rxe8 29. Rxe8+ Qxe8 30. Qf5 Ne2+ 31. Kf2 Nxd4 32. cxd4 g6 33. Qf6
Qd7 34. Ke3 Qc7 35. Qf2 Qc1+ 36. Kf3 Qd1+ 37. Kg3 Qd3+ 38. Kh2 Qe4 39. Qf6 Qxd5
40. b3 Qc6 41. Kg3 d5 42. Qe5 h5 43. Kh2 Kf8 44. Kg3 f6 45. Qe3 Qd6+ 46. Kf2 Kg7
47. Kg1 g5 48. Qe8 h4 49. Qc8 Qc6 50. Qf5 Qc1+ 51. Qf1 Qxf1+ 52. Kxf1 Kg6 53.
Kf2 f5 54. Ke2 b5 55. b4 f4 56. Kf2 Kf5 57. Kf3 Kf6 58. Kf2 Ke6 59. Ke2 Kf7 60.
Kf3 Kg6 61. Ke2 f3+ 62. Kxf3 Kf5 63. a3 Kf6 64. Kf2 Kg6 65. Ke2 Kh5 66. Kf3 Kh6
67. Kf2 Kg6 68. Ke2 Kf5 69. Kf3 g4+ 70. hxg4+ Kg5 71. Kf2 Kxg4 72. Ke2 Kg3 73.
Kf1 Kf4 74. Kf2 Ke4 75. Ke2 Kxd4 76. Kd2 Ke4 77. Ke2 d4 78. Kd2 d3 79. Kd1 Ke3
80. Ke1 d2+ 81. Kd1 Kd3 0-1

[Event "Druzynowe Mistrzostwa Polski Juniorow 2018 - II Liga"]
[Site "Szczyrk"]
[Date "1899-12-30"]
[Round "2.36"]
[White "Krzyzosiak, Marta"]
[Black "Pawlowska, Emilia"]
[Result "1-0"]
[WhiteTitle "I"]
[BlackTitle "II"]
[WhiteElo "1579"]
[BlackElo "1225"]

1. e4 d5 2. exd5 Qxd5 3. Nc3 Qa5 4. d4 c6 5. Nf3 Nf6 6. Be2 Bf5 7. O-O e6 8. a3
Nbd7 9. Bf4 Be7 10. Re1 O-O 11. Ne5 Rfe8 12. Nxd7 Nxd7 13. Qd2 Bf6 14. b4 Qb6
15. Rad1 a5 16. b5 Rac8 17. Na4 Qa7 18. bxc6 Rxc6 19. c4 e5 20. dxe5 Bxe5 21.
Bxe5 Nxe5 22. c5 Rf8 23. Bb5 Re6 24. Qd5 Nc6 25. Qxf5 Rxe1+ 26. Rxe1 Nd4 27. Qd3
Rd8 28. Qxd4 Qb8 29. Qxd8+ Qxd8 30. Re8+ Qxe8 31. Bxe8 1-0